|
|
|
|
| LEADER |
00000cam a2200000 a 4500 |
| 001 |
vtls001447607 |
| 003 |
SK-MaSNL |
| 005 |
20260301163015.0 |
| 008 |
240315s2002 xo al drnp 000 0 slo |
| 015 |
|
|
|a SNBA2003/04-01126
|
| 020 |
|
|
|a 8088816831
|
| 035 |
|
|
|a SNK000402867
|
| 035 |
|
|
|a urn:nbn:sk:snk-amyb3a
|
| 035 |
|
|
|a urn:nbn:sk:snk-am00c83e
|
| 035 |
|
|
|a 57F55C48-D90E-45BC-8A81-477A30453C6D
|
| 040 |
|
|
|a SNK
|b slo
|c SNK
|e AACR2
|
| 041 |
1 |
|
|a slo
|h cze
|
| 044 |
|
|
|a xo
|c SK
|
| 072 |
|
7 |
|a 624
|2 konspekt
|
| 080 |
|
|
|a 624.01/.07(075.3)
|2 2. slo
|
| 080 |
|
|
|a 624.01/.07
|2 1981
|
| 080 |
|
|
|a (075.3)
|2 1981
|
| 100 |
1 |
|
|a Doseděl, Antonín
|4 aut
|9 397062
|
| 240 |
1 |
0 |
|a Stavební konstrukcie pro 2. a 3. ročníky SOU
|l Slovensky
|
| 245 |
1 |
0 |
|a Stavebné konštrukcie pre 2. a 3. ročník SOU
|c Antonín Doseděl a kolektív ; [z českého originálu preložila Katarína Vladárová]
|
| 250 |
|
|
|a 2. vyd.
|
| 260 |
|
|
|a Bratislava
|b Alfa plus
|c 2002
|
| 300 |
|
|
|a 119 s.
|b ilustr., sch.
|c 29 cm
|
| 500 |
|
|
|a Údaj o prekl. prevzatý z rubu tit. strany
|
| 500 |
|
|
|a Celkove 4. vyd.
|
| 504 |
|
|
|a Bibliogr. s. 116-117
|
| 650 |
0 |
7 |
|a konštrukcie stavebné
|x učebnice stred. škôl (2. a 3. roč.)
|2 SNK
|9 528405
|
| 650 |
0 |
7 |
|a stavebné konštrukcie
|2 SNK
|9 3695
|
| 650 |
0 |
7 |
|a inžinierske staviteľstvo
|2 SNK
|9 725
|
| 655 |
|
7 |
|a učebnice
|2 SNK
|9 22521
|
| 655 |
|
7 |
|a učebnice stredných škôl
|2 SNK
|9 69323
|
| 700 |
1 |
|
|a Grimmichová, Bohumila
|4 aut
|9 449856
|
| 700 |
1 |
|
|a Soukup, Jiří
|4 aut
|9 385911
|
| 700 |
1 |
|
|a Štefan, Rudolf,
|d 1939-2000
|4 aut
|9 449857
|
| 700 |
1 |
|
|a Vladárová, Katarína,
|d 1943-
|4 trl
|9 86717
|
| 852 |
|
|
|a Slovenská národná knižnica
|
| 919 |
|
|
|a 80-88816-83-1
|
| 954 |
|
|
|a odborná, vedecká literatúra cudzojazyčná (svetová)
|2 lita
|
| 958 |
|
|
|a OP
|
| 958 |
|
|
|a NS
|
| 958 |
|
|
|a CZ
|
| 958 |
|
|
|a UC
|
| 958 |
|
|
|a NB
|
| 968 |
|
|
|b ČES
|d 62
|
| 999 |
|
|
|c 815335
|d 817265
|
| 952 |
|
|
|t P60, <03>, [BOOK], {603}
|a SNK
|b SNK
|y PREZ
|7 0
|p 17A0371285
|o snkSB 66126
|i snkKSP 492/2003
|0 0
|1 0
|4 0
|d 2003-01-15
|f 1
|l 0
|r 2025-04-17 00:00:00
|w 2026-02-24
|
| 952 |
|
|
|t P60, <04>, [BOOK], {604}
|a SNK
|b SNK
|y VYP
|7 0
|p 17A0371286
|o snkSB 66126 D1
|i snkKSP 493/2003
|0 0
|1 0
|4 0
|d 2003-01-15
|l 0
|r 2005-01-02 00:00:00
|w 2026-02-24
|